|
|
|
|
| LEADER |
00748nab a2200193 i 4500 |
| 001 |
misc73466 |
| 005 |
20241129092532.0 |
| 008 |
241129s1955 hu o 000 eng d |
| 040 |
|
|
|a SZTE Miscellanea Repozitórium
|b hun
|
| 041 |
|
|
|a eng
|
| 100 |
1 |
|
|a Philpott Delbert E.
|
| 245 |
1 |
0 |
|a Observations on the electron microscopic structure of insect muscle
|h [elektronikus dokumentum] /
|c Philpott Delbert E.
|
| 260 |
|
|
|a Elsevier
|b Amsterdam, London, Houston, New York
|c 1955
|
| 300 |
|
|
|a 177-182
|
| 490 |
0 |
|
|a Biochimica et Biophysica Acta
|v 18
|
| 561 |
|
|
|a Szent-Györgyi Albert tudományos és egyéb írásai
|
| 695 |
|
|
|a Izom
|
| 700 |
0 |
2 |
|a Szent-Györgyi Albert
|e aut
|
| 856 |
4 |
0 |
|u http://misc.bibl.u-szeged.hu/73466/1/szgya_amerikai_079.pdf
|z Dokumentum-elérés
|